ARRUPE JESUIT UNIVERSITY

CORONAVIRUS -STOP THE SPREAD - CLEAN,DISINFECT,COVER

English drama in transition 1880-1920 (Record no. 122429)

MARC details
000 -LEADER
fixed length control field 00489nam a22001457a 4500
008 - FIXED-LENGTH DATA ELEMENTS--GENERAL INFORMATION
fixed length control field 150312b xxu||||| |||| 00| 0 eng d
050 ## - LIBRARY OF CONGRESS CALL NUMBER
Classification number PR1271.S2
100 ## - MAIN ENTRY--PERSONAL NAME
Personal name Salerno, Henry Frank
9 (RLIN) 16300
Relator term ed.
245 ## - TITLE STATEMENT
Title English drama in transition 1880-1920
Statement of responsibility, etc /by Henry F. Salerno
260 ## - PUBLICATION, DISTRIBUTION, ETC. (IMPRINT)
Place of publication, distribution, etc Indianapolis
Name of publisher, distributor, etc Bobbs-Merrill educational
Date of publication, distribution, etc 1968
300 ## - PHYSICAL DESCRIPTION
Extent 544p. ;
Dimensions 21cm.
650 ## - SUBJECT ADDED ENTRY--TOPICAL TERM
Topical term or geographic name as entry element English drama
Chronological subdivision 19th century
9 (RLIN) 16301
650 ## - SUBJECT ADDED ENTRY--TOPICAL TERM
Topical term or geographic name as entry element English drama
Chronological subdivision 20th century
9 (RLIN) 16302
942 ## - ADDED ENTRY ELEMENTS (KOHA)
Source of classification or shelving scheme Library of Congress Classification
Item type Monograph ( Printed materials)
Holdings
Withdrawn status Lost status Source of classification or shelving scheme Damaged status Not for loan Collection code Home library Current library Shelving location Date acquired Total Checkouts Full call number Barcode Date last seen Price effective from Koha item type
    Library of Congress Classification     Main Collection ARRUPE LIBRARY ARRUPE LIBRARY Main Collection 12/03/2015   PR1271.S2 46500002697 12/03/2015 12/03/2015 Monograph ( Printed materials)

 

Arrupe Library. PO Box MP320 Mt Pleasant, Harare, Zimbabwe
263 242 745411|librarian@aju.ac.zw